00199nam a22000857a 4500082001600000100003100016245003200047260002500079300000900104 a629.2 MOT'C aDAVIDSON, C. P,COKER, A. J aMOTOR ENGINEERS POCKET BOOK aLONDONbGEORGEc1959 a288P